000 00697nam a22002177a 4500
003 UA-OsUOA
001 96498
007 ta
008 20130319b un ||||| |||| 00| 0 ukr d
100 _aБілик Д.В.
090 _a330(477)
_bБ67
942 _cSA
040 _aUA-OsUOA
_bfre
_cUA-OsUOA
_dUA-OsUOA
245 _aОсобливості та сучасний стан інституційного сектору фінансових корпорацій України за СНР
300 _aС.4-10
955 _a0
041 _afre
080 _a330(477)
773 0 _w96495
_tСтатистика України
_dК.
_d2012
_g4
650 7 _a330 Економіка взагалі
_2UDC
999 _c382750
_d382750